Tổng tập các công trình nghiên cứu khoa học và ứng dụng

Nội dung sách giới thiệu vùng đất và quy hoạch khoảng không gian xanh vùng ngoại thành nhằm sử dụng hợp lý đất và bảo vệ môi trường thành phố Hồ Chí Minh.

Đã lưu trong:
书目详细资料
主要作者: Vũ, Xuân Đề
格式: 图书
语言:Undetermined
出版: Hà Nội Nông nghiệp 2016
主题:
标签: 添加标签
没有标签, 成为第一个标记此记录!
Thư viện lưu trữ: Trung tâm Học liệu Trường Đại học Cần Thơ
LEADER 00856nam a2200193Ia 4500
001 CTU_227078
008 210402s9999 xx 000 0 und d
082 |a 719.33 
082 |b Đ250/Q.2 
100 |a Vũ, Xuân Đề 
245 0 |a Tổng tập các công trình nghiên cứu khoa học và ứng dụng 
245 0 |c Vũ Xuân Đề 
260 |a Hà Nội 
260 |b Nông nghiệp 
260 |c 2016 
520 |a Nội dung sách giới thiệu vùng đất và quy hoạch khoảng không gian xanh vùng ngoại thành nhằm sử dụng hợp lý đất và bảo vệ môi trường thành phố Hồ Chí Minh. 
650 |a Kiến trúc cảnh quan đô thị,Urban landscape architecture 
910 |b dqhieu 
980 |a Trung tâm Học liệu Trường Đại học Cần Thơ